Generalized functions /

Guardado en:
Autor Principal: Gel´fand, I. M.
Otros Autores: Shilov, G. E.
Formato: Libro
Idioma:English
Russian
Publicado: New York : Academic Press, 1964-1968.
Materias:
Etiquetas: Agregar Etiqueta
Sin Etiquetas, Sea el primero en etiquetar este registro!
LEADER 01943cam a22003495a 4500
001 MAT.inmabb004507
008 711228m19641968nyu######b####001#0#eng##
005 20180611164141.0
245 1 0 |a Generalized functions /  |c I. M. Gel'fand ... [et al.]. 
260 |a New York :  |b Academic Press,  |c 1964-1968. 
300 |a 5 v. ;  |c 24 cm. 
500 |a Traducción del original ruso publicado en 1958-1962. 
504 |a Incluye referencias bibliográficas. 
505 0 |a v. 1. Properties and operations / I. M. Gel'fand and G. E. Shilov ; translated by Eugene Saletan -- v. 2. Spaces of fundamental and generalized functions / I. M. Gel'fand and G. E. Shilov ; translated by Morris D. Friedman, Amiel Feinstein, Christian P. Peltzer -- v. 3. Theory of differential equations / I. M. Gel'fand and G. E. Shilov ; translated by Meinhard E. Mayer -- v. 4. Applications of harmonic analysis / I. M. Gel'fand and N. Ya. Vilenkin ; translated by Amiel Feinstein -- v. 5. Integral geometry and representation theory / I. M. Gel'fand, M. I. Graev and N. Ya. Vilenkin ; translated by Eugene Saletan. 
510 4 |a MR,  |c 30 #4152  |3 (v. 4) 
510 4 |a MR,  |c 34 #7726  |3 (v. 5) 
020 |a 0122795024 (v. 2, pbk.) 
100 1 |a Gel´fand, I. M.  |q (Izrail´ Moiseevich) 
240 1 0 |a Obobshchennye funktsii.  |l Inglés 
700 1 |a Shilov, G. E.  |q (Georgii Evgen´evich) 
650 0 |a Theory of distributions (Functional analysis) 
084 |a 46Fxx  |2 msc2000 
010 |a  63016960  
040 |a DLC  |c DLC  |d DLC  |d OCoLC  |d DLC 
041 1 |a eng  |h rus 
859 |h 46  |i G316  |p A-2469  |v 1  |3 v. 1  |b BIB. MATEMATICA 
859 |h 46  |i G316  |p A-6219  |t Ej. 2  |v 1  |3 v. 1  |b BIB. MATEMATICA 
859 |h 46  |i G316  |p A-4590  |v 2  |3 v. 2  |b BIB. MATEMATICA 
859 |h 46  |i G316  |p A-2578  |v 3  |3 v. 3  |b BIB. MATEMATICA 
859 |h 46  |i G316  |p A-2690  |v 4  |3 v. 4  |b BIB. MATEMATICA 
859 |h 46  |i G316  |p A-6220  |t Ej. 2  |v 4  |3 v. 4  |b BIB. MATEMATICA 
859 |h 46  |i G316  |p A-2586  |v 5  |3 v. 5  |b BIB. MATEMATICA